000 00283nam a22001097a 4500
999 _c261045
_d261044
020 _a9781481446747
100 _aKevin Sands
245 _aMark Of Plague
260 _aUnited States Of America
_bSimion and Schuster childrens publishing Division
_c2016
300 _a529
942 _cBK